000 01798nam a2200325 i 4500
999 _c4614
_d4614
001 ocn957513229
003 OCoLC
005 20250306092547.0
008 210407r20162008enk e 000 1 eng d
020 _a9780751553291
040 _aAU@
_beng
_cAU@
_erda
_dOCLCO
_dOCLCF
_dOCLCO
_dVP@
_dCaOL
_dKH8
082 _aFIC COL
100 1 _aColgan, Jenny,
_eauthor.
245 1 0 _aClass :
_bWelcome to the Little School by the Sea /
_cJenny Colgan.
264 1 _aLondon :
_bSphere,
_c[2016]
264 4 _c©2008.
300 _axiv, 275 pages ;
_c20 cm.
336 _atext
_btxt
_2rdacontent.
337 _aunmediated
_bn
_2rdamedia.
338 _avolume
_bnc
_2rdacarrier.
500 _aFirst published: London : Sphere, 2008.
520 _aIt's about love lives. Maggie has been dating Stan for years -- safe, comfortable and about as exciting as soggy toast. Can their relationship survive? Especially when Maggie meets David McDonald, her opposite number at the boys' boarding school over the hill. Every single girl in the school has a crush on him, but not Maggie, yet. It's about school lives. Two girls. Same form. Simone Kardashian has won a scholarship and is determined to make her parents proud. Fliss Prosser is furious at being so far from home and her friends. As Simone tries desperately to fit in, Fliss tries desperately to get out. It's about private lives. Veronica Deveral knows how to manage a school. Routine and discipline are fundamental to her role. But Veronica has a secret that could ruin her career.
650 0 _aTeachers
_vFiction.
650 0 _aTeachers
_zEngland
_vFiction.
650 0 _aBoarding schools
_zEngland
_vFiction.
650 0 _aRomance fiction.
_2genre.
651 0 _aCornwall (England : County)
_vFiction.
651 0 _aEngland
_vFiction.
942 _2ddc
_cFIC